Tiếng Nhật cho mọi người : Bản mới - Sơ cấp 1: Viết - Nhớ các mẫu câu = Minna no Nihongo
Bao gồm các bài học theo chủ đề giúp người học sắp xếp phân loại lại từ vựng, các điểm ngữ pháp và ghi nhớ bằng cách viết thành câu
Spremljeno u:
| Format: | Knjiga |
|---|---|
| Jezik: | Undetermined |
| Izdano: |
Thành phố Hồ Chí Minh
Trẻ
2020
|
| Teme: | |
| Oznake: |
Dodaj oznaku
Bez oznaka, Budi prvi tko označuje ovaj zapis!
|
| Thư viện lưu trữ: | Trung tâm Học liệu Trường Đại học Cần Thơ |
|---|
| LEADER | 00931nam a2200217Ia 4500 | ||
|---|---|---|---|
| 001 | CTU_239144 | ||
| 008 | 210402s9999 xx 000 0 und d | ||
| 020 | |c 90000 | ||
| 082 | |a 495.68 | ||
| 082 | |b T306 | ||
| 245 | 0 | |a Tiếng Nhật cho mọi người : | |
| 245 | 0 | |b Bản mới - Sơ cấp 1: Viết - Nhớ các mẫu câu = Minna no Nihongo | |
| 245 | 0 | |c Hirai Etsuko, Miwa Sachiko ; Hoàng Linh dịch | |
| 260 | |a Thành phố Hồ Chí Minh | ||
| 260 | |b Trẻ | ||
| 260 | |c 2020 | ||
| 520 | |a Bao gồm các bài học theo chủ đề giúp người học sắp xếp phân loại lại từ vựng, các điểm ngữ pháp và ghi nhớ bằng cách viết thành câu | ||
| 650 | |a Tiếng Nhật,Japanese language | ||
| 650 | |x Dạy và học,Study and teaching | ||
| 910 | |b nthai | ||
| 980 | |a Trung tâm Học liệu Trường Đại học Cần Thơ | ||